Normal view
MARC view
- تحرير فريحات، مريم جبر
Entry Personal Name
001 - CONTROL NUMBER
- control field: 46342
003 - CONTROL NUMBER IDENTIFIER
- control field: JO-AjAnu
005 - DATE AND TIME OF LATEST TRANSACTION
- control field: 20230606081647.0
008 - FIXED-LENGTH DATA ELEMENTS
- fixed length control field: 230606|| aca||aabn | a|a d
040 ## - CATALOGING SOURCE
- Original cataloging agency: JO-AjAnu
- Transcribing agency: JO-AjAnu
100 ## - HEADING--PERSONAL NAME
- Personal name: تحرير فريحات، مريم جبر
670 ## - SOURCE DATA FOUND
- Source citation: Work cat.: (JO-AjAnu)23720: تحرير فريحات، مريم جبر, author, النص الأدبي الحديث في صناعة الأحداث ومواكبتها: وقائع المؤتمر الدولي الثاني لكلية الأداب والعلوم التربوية عجلون - جامعة عجلون الوطنية- الاردن - 5-7 آب 2014=Modern Literaray Text in the Making and Keeping up with Events : Proceedings of the Second International Conference of the FacuIty of Arts and Educational Sciences 5-7/8/2014